Elementos de cosmografía /

Guardado en:
Autor Principal: Charola, Florencio
Formato: Libro
Publicado: Buenos Aires : Kapelusz, 1959
Edición:7a. ed.
Materias:
Etiquetas: Agregar Etiqueta
Sin Etiquetas, Sea el primero en etiquetar este registro!
LEADER 00467nam a22001695a 4500
001 CEM.cems001609
005 20060214000000.0
008 130507s1959##################000#0#####d
003 CEMS
082 0 4 |a 520 
100 1 |a Charola, Florencio 
245 1 0 |a Elementos de cosmografía /  |c Florencio Charola 
250 |a 7a. ed. 
260 |a Buenos Aires :  |b Kapelusz,  |c 1959 
300 |a 298 p. 
653 |a Cosmografia 
859 |a CEMS  |b BIB. CEMS - 11 de abril  |h 520  |i C383a7  |p 7548.80  |t Ej.1